| 000 | 01502nam a2200325Ia 4500 | ||
|---|---|---|---|
| 003 | OSt | ||
| 005 | 20221007123359.0 | ||
| 006 | a|||||r|||| 00| 0 | ||
| 007 | ta | ||
| 008 | 221006b |||||||| |||| 00| 0 eng d | ||
| 020 |
_a8173192774 (hbd) _cRs.675.00@A^aEuro 34.95 |
||
| 024 | _a10294 | ||
| 037 |
_bN R, _cTextual |
||
| 040 |
_aPAPL _cPAPL _beng |
||
| 041 |
_2eng _aeng |
||
| 082 | _aC:(B), P0;2 | ||
| 100 |
_aKaushal R S _982428 |
||
| 245 | 0 |
_aAdvanced methods of mathematical physics by R S Kaushal and D Parashar; ^aMany-body problems and quantum field theory: an introduction by Philippe A Martin and Francois Rothen.Tr by Steven Goldfarb _b Parashar D Martin Philippe A Rothen Francois |
|
| 260 |
_aNew _bDelhi Narosa Pub. House; ^aBerlin Springer-Verlag _c2000 |
||
| 300 |
_axviii, 508p; xiii, 441p _ccm. |
||
| 490 | _vOriginally published in French as Problemes a N-corps et champs quantiques | ||
| 500 | _aAppendix 470-498pBibliography 499-5019903; ; Bibliography 431-436p; Index 437-441p; ^n23/CSL/CARPA/2002-2003/528^d2002-12-06^mPurchase; ; 2002-03/689^b2003-02-03^c284^d2003-01-23^eRs.3,354.00^fUnilib Book Distributors; ; 2003-03-31^bSB^c2003-04-17^dRPS | ||
| 650 | _a Mathematics | ||
| 650 | _aPhysics | ||
| 700 |
_a Martin Philippe A _9717150 |
||
| 700 | _a Parashar D | ||
| 700 |
_a Rothen Francois _9717151 |
||
| 942 |
_hC:(B), P0;2 _cTEXL _2CC |
||
| 999 |
_c1211787 _d1211787 |
||